El duque de Gandía (Record no. 174021)
[ view plain ]
| 000 -LEADER | |
|---|---|
| campo de control de longitud fija | 01440namaa22002891 4500 |
| 001 - NÚMERO DE CONTROL | |
| campo de control | 174021 |
| 003 - IDENTIFICADOR DE NÚMERO DE CONTROL | |
| campo de control | ES-MaACL |
| 005 - FECHA Y HORA DE LA ÚLTIMA TRANSACCIÓN | |
| campo de control | 20250824074931.0 |
| 007 - CAMPO FIJO DE DESCRIPCIÓN FÍSICA--INFORMACIÓN GENERAL | |
| campo de control de longitud fija | t| |
| 008 - DATOS DE LONGITUD FIJA--INFORMACIÓN GENERAL | |
| campo de control de longitud fija | 100205s1894 sp r |||| | spa d |
| 080 ## - NÚMERO DE LA CLASIFICACIÓN DECIMAL UNIVERSAL | |
| Número de la Clasificación Decimal Universal | 78.089.1 |
| 100 1# - ENTRADA PRINCIPAL--NOMBRE DE PERSONA | |
| Nombre de persona | Dicenta, Joaquín, |
| Fechas asociadas al nombre | 1863-1917 |
| 9 (RLIN) | 44474 |
| 245 13 - MENCIÓN DEL TÍTULO | |
| Título | El duque de Gandía |
| Resto del título | : drama lírico en tres actos y un epílogo, en verso / |
| Mención de responsabilidad, etc. | original de Joaquín Dicenta ; música de los maestros Antonio Llanos y Ruperto Chapí. |
| 250 ## - MENCION DE EDICION | |
| Mención de edición | 2ª ed. |
| 260 ## - PUBLICACIÓN, DISTRIBUCIÓN, ETC. | |
| Lugar de publicación, distribución, etc. | Madrid (Pez, 40, Pozas, 2, 2º) : |
| Nombre del editor, distribuidor, etc. | Florencio Fiscowich, editor, sucsor de Hijos de A. Guillón), |
| Fecha de publicación, distribución, etc. | 1894 ( |
| Lugar de fabricación/manufactura | Madrid (Atocha, 100 principal) : |
| Fabricante | Imp. de José Rodríguez) |
| 300 ## - DESCRIPCIÓN FÍSICA | |
| Extensión | 88 p., 1 h. ; |
| Dimensiones | 20 cm. |
| 490 1# - MENCIÓN DE SERIE | |
| Mención de serie | El teatro : colección de obras dramáticas y líricas |
| 500 ## - NOTA GENERAL | |
| Nota general | En la portada: "Estrenado con extraordinario éxito en el tteatro de La Zarzuela, la noche del 10 de marzo de 1894" |
| 500 ## - NOTA GENERAL | |
| Nota general | En la página 4 de la cubierta, puntos de venta. |
| 500 ## - NOTA GENERAL | |
| Nota general | En la última página, listado de títulos de obras del autor. |
| 500 ## - NOTA GENERAL | |
| Nota general | Solo la letra. |
| 700 0# - ENTRADA AGREGADA--NOMBRE PERSONAL | |
| Nombre de persona | Llanos, Antonio. |
| 9 (RLIN) | 72707 |
| 700 1# - ENTRADA AGREGADA--NOMBRE PERSONAL | |
| Nombre de persona | Chapí, Ruperto, |
| Fechas asociadas al nombre | 1851-1909 |
| 9 (RLIN) | 38014 |
| 830 03 - PUNTO DE ACCESO ADICIONAL DE SERIE-TÍTULO UNIFORME | |
| Título uniforme | El teatro: colección de obras dramática y líricas |
| 9 (RLIN) | 221753 |
| 852 ## - LOCALIZACIÓN | |
| Ubicación | ES-MaACL |
| Número de control de estantería | F-8645(3) |
| Partes que faltan | .- Enc. hol. |
| Nota libre | .- Enc. en un vol. facticio formando parte de la col. facticia "Teatro español moderno" v. 102 |
| Estatus retirado | Estado de pérdida | Estado de daño | No para préstamo | Colección | Biblioteca de origen | Biblioteca actual | Ubicación en estantería | Fecha de adquisición | Fuente de adquisición | Total de préstamos | Signatura topográfica completa | Código de barras | Visto por última vez | Precio de reemplazo | Tipo de ítem Koha |
|---|---|---|---|---|---|---|---|---|---|---|---|---|---|---|---|
| Libros del s. XIX | Biblioteca del Ateneo de Madrid | Biblioteca del Ateneo de Madrid | Sala Pecera Planta 2 | 05/02/2010 | F-8645(3) | 1182670 | 23/02/2023 | 23/02/2023 | Libro impreso antiguo |
